Prezydenci USA z Partii Republikańskiej - Nagła Śmierć - Statystyki

Ogólne statystyki
  • Ten quiz został rozwiązany 29 razy
  • Średni wynik to 9 z 19
Answers on the Grid
Answers color-coded by a green-red scale on the quiz's grid according to % correct below.
Abraham Lincoln
Andrew Johnson
Ulysses S. Grant
Rutherford B. Hayes
James A. Garfield
Chester A. Arthur
Grover Cleveland
Benjamin Harrison
William McKinley
Theodore Roosevelt
William Howard Taft
Woodrow Wilson
Warren G. Harding
Calvin Coolidge
Herbert Hoover
Franklin D. Roosevelt
Harry S. Truman
Dwight D. Eisenhower
John F. Kennedy
Lyndon B. Johnson
Richard Nixon
Gerald Ford
Jimmy Carter
Ronald Reagan
George H. W. Bush
Bill Clinton
George W. Bush
Barack Obama
Donald Trump
Joe Biden
 
Statystyki odpowiedzi
Odpowiedź % Poprawnych
Abraham Lincoln
86%
Donald Trump
64%
Ronald Reagan
64%
George H. W. Bush
57%
George W. Bush
57%
Richard Nixon
57%
Dwight D. Eisenhower
50%
James A. Garfield
50%
Ulysses S. Grant
50%
Gerald Ford
43%
Theodore Roosevelt
43%
William McKinley
43%
Warren G. Harding
36%
Benjamin Harrison
29%
Calvin Coolidge
29%
Rutherford B. Hayes
29%
William Howard Taft
29%
Chester A. Arthur
21%
Herbert Hoover
21%
Nie znaleziono quizów pasujących do podanych kryteriów
Rozkład punktacji
Procent ludzi z każdym wynikiem
Percentyl według liczby udzielonych odpowiedzi
Twoja historia wyników
Nie rozwiązałeś tego quizu